Central Library OPAC University of Rajshahi

Islamic science : (Record no. 27706)

MARC details
000 -LEADER
fixed length control field 00934nam a2200289 a 4500
001 - CONTROL NUMBER
control field 27706
003 - CONTROL NUMBER IDENTIFIER
rucl marc code BD-RjUL
005 - DATE AND TIME OF LATEST TRANSACTION
control field 20211209051206.0
008 - FIXED-LENGTH DATA ELEMENTS--GENERAL INFORMATION
fixed length control field 181021s1976 uk a b 001 0 eng
020 ## - INTERNATIONAL STANDARD BOOK NUMBER
International Standard Book Number 090503502X
035 ## - SYSTEM CONTROL NUMBER
System control number (BD-RjUL)27785
040 ## - CATALOGING SOURCE
Original cataloging agency LC
Language of cataloging eng
Transcribing agency LC
Modifying agency SSL
Description conventions BD-RjUL
041 ## - LANGUAGE CODE
Language code of text/sound track or separate title eng
043 ## - GEOGRAPHIC AREA CODE
Geographic area code aw-----
082 ## - DEWEY DECIMAL CLASSIFICATION NUMBER
Classification number 297.265
Edition number 23
Author mark and year NAI 1976
100 1# - MAIN ENTRY--PERSONAL NAME
Personal name Nasr, Seyyed Hossein,
Dates associated with a name 1933-
9 (RLIN) 223979
245 10 - TITLE STATEMENT
Title Islamic science :
Remainder of title an illustrated study /
Statement of responsibility, etc. Seyyed Hossein Nasr ; photos. by Roland Michaud.
260 ## - PUBLICATION, DISTRIBUTION, ETC. (IMPRINT)
Place of publication, distribution, etc. [London] :
Name of publisher, distributor, etc. World of Islam Festival Pub. Co.,
Date of publication, distribution, etc. 1976.
300 ## - PHYSICAL DESCRIPTION
Pagination xiv, 273 p. :
Illustrations ill. (some col.) ;
Size 31 cm.
500 ## - GENERAL NOTE
General note Includes index.
504 ## - BIBLIOGRAPHY, ETC. NOTE
Bibliography, etc Bibliography: p. 250-252.
650 #0 - SUBJECT ADDED ENTRY--TOPICAL TERM
Topical term or geographic name as entry element Science
Geographic subdivision Middle East
General subdivision History.
9 (RLIN) 223980
Topical term or geographic name as entry element Science, Medieval.
9 (RLIN) 223981
Topical term or geographic name as entry element Islam and science.
9 (RLIN) 223982
700 1# - ADDED ENTRY--PERSONAL NAME
Personal name Michaud, Roland, photos.
942 ## - ADDED ENTRY ELEMENTS (KOHA)
Source of classification or shelving scheme Dewey Decimal Classification
Koha item type Rare Books
Holdings
Lost status Source of classification or shelving scheme Damaged status Not for loan Collection code Permanent Location Current Location Shelving location Date acquired Source of acquisition Cost, normal purchase price Total Checkouts Full call number Date last seen Copy number Koha item type
  Dewey Decimal Classification   Not For Loan Rare Books Central Library, University of Rajshahi Central Library, University of Rajshahi Rare Book Section 15/11/1980 Heffers 12.50   RA 297.265 NAI 1976 21/10/2018 C-1 Rare Books